Statistiques concernant Traduction: le temps [en -> fr]

Cliquez ici pour prendre le quiz!

Statistiques générales

  • Ce quiz a été pris 19 fois
  • Le résultat moyen est 10 sur 10

Statistiques - réponses

TimeTemps% Correct
A yearUn an | Une année
100%
An hourUne heure
100%
A minuteUne minute
100%
A secondUne seconde
100%
A weekUne semaine
100%
A dayUn jour
100%
A monthUn mois
100%
A milleniumUn millénaire
94%
A centuryUn siècle
89%
A decadeUne décennie
83%

Distribution des résultats

Percentile par nombre de réponses

% des personnes avec chaque résultat

Votre développement - résultats

Vous n’avez pas pris ce quiz